000 00843nam a2200265Ia 4500
003 OSt
005 20220923212225.0
006 a|||||r|||| 00| 0
007 ta
008 220922b |||||||| |||| 00| 0 hin d
024 _a151,744
037 _cTextual
040 _aARTS
_cARTS
_bhin
041 _2hin
_ahin
082 _aO1,3:g, 152J0;J6
100 _aव्यास, विनोद शंकर
_9156274
245 0 _aउपन्यास कला
246 _aUpanyās kalā
250 _aसंस्क 4
260 _aबनारस
_b हिन्दी साहित्य-कुटीर
_c1956
300 _a7] 134 पृ.
_ccm.
650 _aविश्व कहानी
942 _hO1,3:g, 152J0;J6
_cTEXL
_2CC
999 _c307417
_d307417